| 000 | 00452 a2200157 4500 | ||
|---|---|---|---|
| 999 |
_c320938 _d320938 |
||
| 001 | 85865 | ||
| 003 | NUST | ||
| 005 | 20180121120741.0 | ||
| 008 | 180121b xxu||||| |||| 00| 0 eng d | ||
| 020 | _a8170361915 | ||
| 082 | _a331.768730954 SIN | ||
| 100 |
_aManjit Singh _99348 |
||
| 245 |
_aThe political economy of unorganised industry : a study of the labour process _hEnglish |
||
| 250 | _a1st | ||
| 260 |
_aNew Delhi _bSage Publications _c1990 |
||
| 300 | _a234 p. | ||
| 500 | _aGifted By AM Masood Akhtar | ||
| 942 |
_acaenust _cBK _k331.768730954 SIN _2ddc |
||